000 00759nam a22002177a 4500
999 _c442369
_d442369
003 UA-OsUOA
005 20191002101020.0
008 191001b un ||||| |||| 00| 0 ukr d
040 _aUA-OsUOA
_bukr
_cUA-OsUOA
_dUA-OsUOA
041 _aukr
080 _a821.161.1
090 _a821.161.1
_bУ83
100 _aУсыченко Ю.
245 _aБег времени
_bрассказы, очерки, этюды
_cЮрий Усыченко
260 _aОдесса
_bМаяк
_c1987
300 _a136 с.
856 4 0 _yКлацніть тут для перегляду онлайн
942 _2udc
_cBK
955 _a3